Nelineárne kmitanie mechanických dynamických systémov pracovný seminár : Vysoké Tatry, Stará Lesná : 23.-25. 4. 1990

Podrobná bibliografia
Hlavní autori: Tondl, Aleš, 1925- (Autor), Balda, Miroslav, 1932- (Autor), Harant, Michal, 1920-1995 (Autor), Zahrádka, Josef (Autor)
Médium: Kniha
Jazyk:slovenčina
čeština
Fyzický popis:202 strán grafy 20 cm
Vydavateľské údaje: Žilina Dom techniky ČSVTS 1990
ISBN:8023100785
Vydanie:1. vyd.
Predmet:

MARC

LEADER 00000cam a2200000 a 4500
001 vtls001062550
003 SK-MaSNL
005 20260301232648.0
008 240226s1990 xo frn 100 0 slo
015 |a SNBA1990/10 
020 |a 8023100785  |q (brožované) 
035 |a SNK000005378 
035 |a EA8ADA5A-BAFB-420D-8403-B7D0896855A8 
035 |a urn:nbn:sk:snk-am00igig 
040 |a SNK  |b slo  |c SNK  |e AACR2 
041 0 |a slo  |a cze 
044 |a xo  |c SK 
072 7 |a 534  |x Mechanické kmity. Akustika  |2 konspekt 
080 |a 534.1(082)  |2 1981 
080 |a 531.8  |2 2011 
080 |a 517.938  |2 2011 
080 |a 534.222  |2 2011 
080 |a (062.534)  |2 2011 
245 0 0 |a Nelineárne kmitanie mechanických dynamických systémov  |b pracovný seminár : Vysoké Tatry, Stará Lesná : 23.-25. 4. 1990  |c Aleš Tondl, Miroslav Balda, Michal Harant, Josef Zahrádka, Rudolf Pohl 
250 |a 1. vyd. 
260 |a Žilina  |b Dom techniky ČSVTS  |c 1990  |e Žilina  |f Dom techniky ČSVTS 
300 |a 202 strán  |b grafy  |c 20 cm 
366 |e 70 výtl. 
504 |a Obsahuje bibliografiu 
546 |a Text v češtine 
650 0 7 |a mechanické systémy  |2 SNKPH  |9 134029 
650 0 7 |a dynamické systémy  |2 SNKPH  |9 63331 
650 0 7 |a nelineárne kmitanie  |2 SNKPH  |9 218361 
655 7 |a zborníky konferencií  |2 SNKPH  |9 70153 
700 1 |a Tondl, Aleš,  |d 1925-  |4 aut  |9 117851 
700 1 |a Balda, Miroslav,  |d 1932-  |4 aut  |9 626606 
700 1 |a Harant, Michal,  |d 1920-1995  |4 aut  |9 86242 
700 1 |a Zahrádka, Josef  |4 aut  |9 626607 
852 |a Slovenská národná knižnica 
919 |a 80-231-0078-5 
954 |a odborná, vedecká literatúra pôvodná (slovenská)  |2 lita 
954 |a  odborná, vedecká literatúra cudzojazyčná (svetová)  |2 lita 
958 |a CZ 
958 |a NB 
958 |a RM 
958 |a OND 
958 |a EUIPO 
999 |c 962196  |d 964126 
952 |a SNK  |b SNK  |y VYP  |7 0  |p 17A0361898  |o snkSC 77566 D1  |i snkKSP 13534/2002  |0 0  |1 0  |4 0  |d 2002-11-06  |l 0  |r 2004-12-31 00:00:00  |w 2026-02-24 
952 |a SNK  |b SNK  |y PREZ  |7 0  |p 17A0217686  |o snkSC 77566  |i snkKSP 6190/90  |0 0  |1 0  |4 0  |d 1999-11-08  |f 1  |l 0  |r 2004-12-31 00:00:00  |w 2026-02-24